| 000 | 00825nam a2200229Ia 4500 | ||
|---|---|---|---|
| 003 | GCL | ||
| 008 | 140319s9999 xx 000 0 ara d | ||
| 040 |
_aGCL / _cGCL |
||
| 082 | 0 | 4 |
_aد _b050 _bت م |
| 100 | 1 | _aاحمد فؤاد باشا | |
| 245 | 1 | 0 |
_aمن الذرة الى الكوارك ( عالم المعرفة 327 مايو 2006 ) / _cاحمد فؤاد باشا |
| 700 | 1 | _aتريمان، سام | |
| 260 |
_aالكويت : _bالمجلس الوطنى للثقافة والفنون والاداب ، _c2006 |
||
| 300 |
_a351 ص ؛ _c16 سم |
||
| 490 |
_aعالم المعرفة _v327 |
||
| 650 | 0 | 4 | _aالذرة |
| 650 | 0 | 4 | _aالاحتكاك |
| 650 | 0 | 4 | _aالميكانيكا الهندسية |
| 650 | 0 | 4 | _aميكانيكا الاجسام الصلبة |
| 650 | 0 | 4 | _aمجالات الكم |
| 942 |
_2ddc _cBK |
||
| 999 |
_c8779 _d8779 |
||